000 00314nam a2200145Ia 4500
003 OSt
008 191201s2019 xx 000 0 und d
082 _a658.15
_bKEM
100 _aKEAT,Paul G
245 0 _aManagement Economics
260 _aNew Delhi
_bPearson
300 _a551
650 _aMBA
942 _2ddc
_cBK
999 _c5375
_d5375